LEADER 04056nam 2200553 450 001 9910788160003321 005 20170822122611.0 010 $a1-5381-3443-8 010 $a1-4422-4554-9 035 $a(CKB)2670000000601373 035 $a(EBL)1987858 035 $a(SSID)ssj0001439873 035 $a(PQKBManifestationID)12567307 035 $a(PQKBTitleCode)TC0001439873 035 $a(PQKBWorkID)11383382 035 $a(PQKB)10261444 035 $a(MiAaPQ)EBC1987858 035 $a(EXLCZ)992670000000601373 100 $a20150327h20152015 uy 0 101 0 $aeng 135 $aur|n|---||||| 181 $ctxt 182 $cc 183 $acr 200 12$aA book about the film Monty Python and the Holy Grail $eall the references from African swallows to Zoot /$fDarl Larsen 210 1$aLanham, Maryland :$cRowman & Littlefield,$d2015. 210 4$dİ2015 215 $a1 online resource (633 p.) 300 $aDescription based upon print version of record. 311 $a1-4422-4553-0 311 $a1-336-19763-3 320 $aIncludes bibliographical references and index. 327 $aCONTENTS; ACKNOWLEDGMENTS; INTRODUCTION; ABBREVIATIONS; SCENE ONE. TITLE AND CREDIT SEQUENCE; SCENE TWO. COCONUTS AND SWALLOWS; SCENE THREE. ANIMATION / LIVE ACTION SEQUENCE; SCENE FOUR. "BRING OUT YOUR DEAD"; SCENE FIVE. DENNIS THE PEASANT; SCENE SIX. THE BLACK KNIGHT; SCENE SEVEN. FLAGELLANT MONKS AND "SHE'S A WITCH!"; SCENE EIGHT. VARIOUS MONTAGE-ANIMATION; SCENE NINE. THE BOOK OF THE FILM; SCENE TEN. CAMELOT ("IT IS A SILLY PLACE"); SCENE ELEVEN. GOD ANNOUNCES THE GRAIL QUEST; SCENE TWELVE. TITLE SEQUENCE ANIMATION; SCENE THIRTEEN. TAUNTING BY FRENCHMEN; SCENE FOURTEEN. THE WOODEN RABBIT 327 $aSCENE FIFTEEN. A VERY FAMOUS HISTORIANSCENE SIXTEEN. THE TALE OF SIR ROBIN; SCENE SEVENTEEN. THE TALE OF SIR GALAHAD AND SPRINGBOARD NOVITIATES; SCENE EIGHTEEN. CASTLE ANTHRAX; SCENE NINETEEN. ANIMATION / LIVE ACTION SCENE 24; SCENE TWENTY. THE BLIND SOOTHSAYER OR "SCENE 24"; SCENE TWENTY-ONE. THE KNIGHTS WHO SAY "NI"; SCENE TWENTY-TWO. DEAD HISTORIAN AND POLICE; SCENE TWENTY-THREE. THE TALE OF SIR LAUNCELOT-"BLOODY WEATHER"; SCENE TWENTY-FOUR. THE TALE OF SIR LAUNCELOT SCENE; SCENE TWENTY-FIVE. LAUNCELOT AND CONCORDE; SCENE TWENTY-SIX. LAUNCELOT STORMS SWAMP CASTLE 327 $aSCENE TWENTY-SEVEN. TOOTHLESS OLD CRONE AND ROGER THE SHRUBBERSCENE TWENTY-EIGHT. KNIGHTS OF NI GET THEIR SHRUBBERY; SCENE TWENTY-NINE. THE DEAD HISTORIAN COVERED; SCENE THIRTY. KING BRIAN THE WILD; SCENE THIRTY-ONE. "PASSING SEASONS" ANIMATION; SCENE THIRTY-TWO. TIM THE ENCHANTER; SCENE THIRTY-THREE. KILLER RABBIT, AND HOLY HAND GRENADE; SCENE THIRTY-FOUR. THE CAVE OF CAERBANNO; SCENE THIRTY-FIVE. THE BRIDGE OF DEATH; SCENE THIRTY-SIX. THE WONDERFUL BARGE AND THE GRAIL CASTLE; SCENE THIRTY-SEVEN. STOP THE FILM; APPENDIX A. MONTY PYTHON AND THE HOLY GRAIL (BOOK) FACING PAGES 327 $aAPPENDIX B. PERSONAL CORRESPONDENCEBIBLIOGRAPHY; INDEX; ABOUT THE AUTHOR 330 $aAcknowledgments IntroductionList of AbbreviationsScene 1Title and Credit SequenceScene 2Coconuts and SwallowsScene 3Animation / Live Action SequenceScene 4"Bring Out Your Dead"Scene 5Dennis the PeasantScene 6The Black KnightScene 7Flagellant Monks and "She's a Witch!"Scene 8Various Montage-AnimationScene 9"The Book of the Film"Scene 10 Camelot ("It Is a Silly Place")Scene 11 God Announces the Grail QuestScene 12 Title Sequence AnimationScene 13 Taunting by FrenchmenScene 14 The Wooden RabbitScene 15 A Very Famous HistorianScene 16 The Tale of Sir RobinScene 17 The Tale of Sir Galahad and Sprin 606 $aMonty Python and the Holy Grail (Motion picture) 615 0$aMonty Python and the Holy Grail (Motion picture) 676 $a791.43/72 676 $a791.4372 700 $aLarsen$b Darl$f1963-$01492330 801 0$bMiAaPQ 801 1$bMiAaPQ 801 2$bMiAaPQ 906 $aBOOK 912 $a9910788160003321 996 $aA book about the film Monty Python and the Holy Grail$93714788 997 $aUNINA LEADER 03020nam 2200733Ia 450 001 9910172215603321 005 20200520144314.0 010 $a1-134-62548-0 010 $a0-203-01492-8 010 $a1-280-33423-1 010 $a1-134-62549-9 010 $a0-203-25545-3 010 $a9786610334230 024 7 $a10.4324/9780203014929 035 $a(CKB)1000000000254338 035 $a(EBL)169710 035 $a(OCoLC)71348427 035 $a(SSID)ssj0000105195 035 $a(PQKBManifestationID)11140716 035 $a(PQKBTitleCode)TC0000105195 035 $a(PQKBWorkID)10086882 035 $a(PQKB)10888789 035 $a(SSID)ssj0000276970 035 $a(PQKBManifestationID)11209166 035 $a(PQKBTitleCode)TC0000276970 035 $a(PQKBWorkID)10233739 035 $a(PQKB)11308587 035 $a(MiAaPQ)EBC169710 035 $a(Au-PeEL)EBL169710 035 $a(CaPaEBR)ebr10054869 035 $a(CaONFJC)MIL33423 035 $a(EXLCZ)991000000000254338 100 $a19980928d1999 uy 0 101 0 $aeng 135 $aurcn||||||||| 181 $ctxt$2rdacontent 182 $cc$2rdamedia 183 $acr$2rdacarrier 200 04$aThe archaeology of household activities /$fedited by Penelope M. Allison 210 $aLondon ;$aNew York $cRoutledge$d1999 215 $a1 online resource (xi, 206 pages) $cillustrations, maps, plans 300 $aDescription based upon print version of record. 311 0 $a0-415-20597-2 311 0 $a0-415-18052-X 320 $aIncludes bibliographical references and index. 327 $aFormation processes of house floor assemblages / Vincent M. LaMotta, Michael B. Schiffer -- Household archaeology and cultural formation processes: examples from the Cere?n site, El Salvador / Brian R. McKee -- Digging houses: archaeologies of Classical and Hellenistic Greek domestic assemblages / Bradley A. Ault, Lisa C. Nevett -- Labels for ladles: interpreting the material culture of Roman households / Penelope M. Allison -- Mesoamerican house lots and archaeological site structure: problems of inference in Yaxca. 330 $aThis pioneering collection engages with recent research in different areas of the archaeological discipline to bring together case-studies of the household material culture from later prehistoric and classical periods. The book provides a comprehensive and accessible study for students into the material records of past households, aiding wider understanding of our own domestic development. 606 $aSocial archaeology 606 $aDwellings 606 $aHouseholds 615 0$aSocial archaeology. 615 0$aDwellings. 615 0$aHouseholds. 676 $a643.09 676 $a930 676 $a930.1 701 $aAllison$b Penelope Mary$0626732 801 0$bMiAaPQ 801 1$bMiAaPQ 801 2$bMiAaPQ 906 $aBOOK 912 $a9910172215603321 996 $aThe archaeology of household activities$94197215 997 $aUNINA LEADER 00954cam0-2200337---450 001 990004092350403321 005 20240918100711.0 035 $a000409235 035 $aFED01000409235 035 $a(Aleph)000409235FED01 035 $a000409235 100 $a19990604d1929----km-y0itay50------ba 101 0 $aita 102 $aIT 105 $ay-------001yy 200 1 $aScene e maschere del dramma socratico$fMario Marcazzan 210 $aTorino$cF.lli Bocca$d1929 215 $a237 p.$d21 cm 225 1 $aPiccola biblioteca di scienze moderne$v365 610 0 $aPlatone$aDialoghi 610 0 $aPlatone$aFedone 610 0 $aSocrate$aStudi 676 $a184 700 1$aMarcazzan,$bMario$f<1902-1967>$0158614 801 0$aIT$bUNINA$gRICA$2UNIMARC 901 $aBK 912 $a990004092350403321 952 $a183.2 SOCR/S 033$bDFM.3493$fFLFBC 959 $aFLFBC 996 $aScene e maschere del dramma socratico$9477806 997 $aUNINA